Το οικονομικό έγκλημα στην αρχιτεκτονική των διεθνών οικονομικών σχέσεων : τα πρότυπα ως εργαλείο της σύγχρονης διακυβέρνησης
Αποθηκεύτηκε σε:
| Κύριος συγγραφέας: | |
|---|---|
| Μορφή: | Βιβλίο |
| Γλώσσα: | Greek |
| Δημοσίευση: |
Αθήνα :
Παπαζήσης,
2008
|
| Σειρά: | Παγκοσμιοποίηση και διακυβέρνηση
|
| Θέματα: | |
| Ετικέτες: |
Προσθήκη ετικέτας
Δεν υπάρχουν, Καταχωρήστε ετικέτα πρώτοι!
|
MARC
| LEADER | 00000cam a2200000 i 4500 | ||
|---|---|---|---|
| 001 | 1/97130 | ||
| 008 | 081112s2008 gre d | ||
| 020 | |a 978-960-02-2240-1 | ||
| 035 | |l 10101598 | ||
| 040 | |a GR-MY-UA |b gre |e aacr | ||
| 041 | 0 | |a gre | |
| 082 | 0 | |a 337.1 |2 (22) | |
| 100 | 1 | |a Κάτσιος, Σταύρος Α. | |
| 245 | 1 | 3 | |a Το οικονομικό έγκλημα στην αρχιτεκτονική των διεθνών οικονομικών σχέσεων : |b τα πρότυπα ως εργαλείο της σύγχρονης διακυβέρνησης / |c Σταύρος Α. Κάτσιος |
| 260 | |a Αθήνα : |b Παπαζήσης, |c 2008 | ||
| 300 | |a 248 σ.; |c 21 εκ. | ||
| 490 | 1 | |a Παγκοσμιοποίηση και διακυβέρνηση | |
| 504 | |a Βιβλιογραφία: σ. [236]-248 | ||
| 650 | 0 | 0 | |a International relations |x Economic aspects. |
| 650 | 0 | 0 | |a Globalization |x Economic aspects. |
| 650 | 0 | 0 | |a Economics |x Philosophy. |
| 650 | 0 | 0 | |a Economics |x Politics. |
| 650 | 0 | 0 | |a International economic relations. |
| 830 | 0 | |a Παγκοσμιοποίηση και διακυβέρνηση | |
| 852 | |a INST |b RHODES |e 20081112 |h 337.1 ΚΑΤ |p 005400031364 |q 005400031364 |t BK |y 0 | ||
| 901 | |a BIBL4-2008-3 | ||
| 909 | |a Ρ |b 153637 | ||
| 970 | |a ΧΑΡΙΟΠΟΛΙΤΟΥ |b ΚΩΝΣΤΑΝΤΙΝΑ |z 2008/11/12 | ||